| 000 | 01052nam a22003257a 4500 | ||
|---|---|---|---|
| 001 | 0030226 | ||
| 003 | KOHA_MİRAKIL | ||
| 005 | 20260207002722.0 | ||
| 007 | ta | ||
| 008 | 110531b2001 tu |||gr||||#0|||1|tur | | ||
| 020 |
_a9758181009 _c0,01 |
||
| 040 |
_aTR-BiSEU _btur _cTR-BiSEU _erda |
||
| 041 | 0 | _atur | |
| 044 | _ctu | ||
| 050 |
_aPE1114 _b.D89 2001 |
||
| 100 | 1 | _aDuyar, Melik Safi. | |
| 245 | 1 |
_aMemorable vocabulary repetition for TOEFL & KPDS/ _cMelik Safi Duyar ; Melik Safi Duyar. |
|
| 264 | 1 |
_aAnkara : _bMega Hafıza Eğitim Hizmetleri Limited Şirketi _c2001 |
|
| 300 |
_ax, 342 s. ; _c24 cm. |
||
| 336 |
_ametin _btxt _2rdacontent |
||
| 337 |
_aaracısız _bn _2rdamedia |
||
| 338 |
_acilt _bnc _2rdacarrier |
||
| 500 | _aKaynakça var. | ||
| 650 | 0 |
_aEnglish language--Examinations, questions, etc. _91934 |
|
| 650 | 0 |
_aPublic officer--Turkey--Examinations. _959594 |
|
| 650 | 0 |
_aİngiliz dili--Sınavlar, Sorular. _959595 |
|
| 650 | 0 |
_aKamu personeli--Türkiye--Sınavlar. _91937 |
|
| 907 | _aDil | ||
| 942 |
_2lcc _cBK |
||
| 999 |
_c30146 _d30146 |
||